00498nam a2200193 a 4500001001300000003000900013005001700022008004100039020001000080082001600090100002400106245002600130260004800156300000800204500003500212505001000247650002300257700002400280nice12345678IN_TiNIC20260116012404.0050524s1976 alia grp 000 0 eng  ac10000a340.59bMAW aMawdoodi, Abul Aala aHuman Rights in Islam aAligarhbCrescent Publishing Company,c1976 a43p aincludes index and biblioraphy2 aIndex aHuman Rights-Islam1 aMawdoodi, Abul Aala